000 00811nam a2200241Ia 4500
003 GCL
008 140319s9999 xx 000 0 ara d
040 _aGCL /
_cGCL
082 0 4 _a330.1513
_bن خ
100 1 _aناغلز جاك
245 1 0 _aخريف القياصرة: كيف تتحول قوه عظمىالى دولة من العالم الثالث /
_cناغلز جاك
700 1 _aعامر لطفى
260 _a[S.N] :
_bدار الشواف للنشر والتوزيع ،
_c1993
300 _a238 ص
490 _aسلسلة فهم التحولات
_v0
650 0 4 _aالعصر الحديث
650 0 4 _aتاريخ
650 0 4 _aالاتحاد السوفيتى
650 0 4 _aالاحوال الاقتصادية
650 0 4 _aتفكك
650 0 4 _aبروسترويكا
942 _2ddc
_cBK
999 _c55746
_d55746